It started with Christmas / Jenny Hale.
Record details
- ISBN: 9781538716441
- ISBN: 1538716445
- Physical Description: 390 pages ; 18 cm
- Edition: First Forever edition.
- Publisher: New York : Forever, an imprint of Grand Central Publishing, 2019.
- Copyright: ©2018
Content descriptions
| Summary, etc.: | Holly McAdams loves spending Christmas at her ... Read More |
Search for related items by subject
| Subject: | Holiday decorations > Fiction. Man-woman relationships > Fiction. Vacation homes > United States > Fiction. Winter storms > United States > Fiction. Nashville (Tenn.) > Fiction. |
| Genre: | Love stories. Christmas fiction. Romance fiction. |
| LDR | 02004cam a2200445Ii 4500 | ||
|---|---|---|---|
| 001 | 324193 | ||
| 003 | LARL_NWRL_CONSORTIUM | ||
| 005 | 20191008135431.0 | ||
| 008 | 190913r20192018nyu 000 1 eng d | ||
| 040 | . | ‡aNjBwBT ‡beng ‡erda ‡cOQX ‡dOQX ‡dOCLCO ‡dOCLCQ ‡dOCLCO ‡dOF9 ‡dBYV ‡dBDX ‡dYDX | |
| 019 | . | ‡a1085652911 ‡a1101628881 | |
| 020 | . | ‡a9781538716441 ‡q(pbk.) | |
| 020 | . | ‡a1538716445 ‡q(pbk.) | |
| 035 | . | ‡a(OCoLC)1119537053 ‡z(OCoLC)1085652911 ‡z(OCoLC)1101628881 | |
| 043 | . | ‡an-us--- ‡an-us-tn | |
| 082 | 0 | 4. | ‡a813/.6 ‡223 |
| 100 | 1 | . | ‡aHale, Jenny, ‡d1975- ‡eauthor. |
| 245 | 1 | 0. | ‡aIt started with Christmas / ‡cJenny Hale. |
| 250 | . | ‡aFirst Forever edition. | |
| 264 | 1. | ‡aNew York : ‡bForever, an imprint of Grand Central Publishing, ‡c2019. | |
| 264 | 4. | ‡c©2018 | |
| 300 | . | ‡a390 pages ; ‡c18 cm | |
| 336 | . | ‡atext ‡btxt ‡2rdacontent | |
| 337 | . | ‡aunmediated ‡bn ‡2rdamedia | |
| 338 | . | ‡avolume ‡bnc ‡2rdacarrier | |
| 520 | . | ‡aHolly McAdams loves spending Christmas at her family's cozy cabin in the hills outside Nashville. Holly and her Nana struggle through a snowstorm to reach the cabin, where they discover wealthy, gorgeous Joseph Barnes, a renter who is now snowed in. Determined to make the best of the situation, Holly bakes treats and decorates the cabin. Rhett Burton, the man who broke Holly's heart, is back in town, and Holly realizes it's time to figure out what she wants in life. | |
| 650 | 0. | ‡aHoliday decorations ‡vFiction. | |
| 650 | 0. | ‡aMan-woman relationships ‡vFiction. ‡0(LARL_NWRL_CONSORTIUM)165985 | |
| 650 | 0. | ‡aVacation homes ‡zUnited States ‡vFiction. | |
| 650 | 0. | ‡aWinter storms ‡zUnited States ‡vFiction. | |
| 651 | 0. | ‡aNashville (Tenn.) ‡vFiction. ‡0(LARL_NWRL_CONSORTIUM)173676 | |
| 655 | 7. | ‡aLove stories. ‡2gsafd | |
| 655 | 7. | ‡aChristmas fiction. ‡2lcgft | |
| 655 | 7. | ‡aRomance fiction. ‡2lcgft | |
| 710 | 2 | . | ‡aGrand Central Publishing, ‡epublisher. |
| 901 | . | ‡a324193 ‡bOCoLC ‡c324193 ‡tbiblio ‡soclc | |

Add to basket
Permalink
Disable Highlighting